000 00954nam a2200301 i 4500
001 000011380
003 DO-SdBNP
005 20240412074226.0
007 ta
008 091016s2004 dr 001 p spa d
020 _a9993455814
040 _aDO-SdBNP
_bspa
_cBNPHU
_erda
082 4 _aRD861.44
_bC355m
_222
100 _aCastro, Tomás,
_d1959-
_eautor
_924641
245 1 0 _aMadrid era una muchedumbre /
_cTomás Castro Burdiez.
264 _aSanto Domingo :
_bCorripio,
_c2004.
300 _a62 páginas ;
_c23 cm.
336 _2rdacontent
_atexto
_btxt
337 _2rdamedia
_asin mediación
_bn
338 _2rdacarrier
_asin mediación
_bnc
490 0 _aEl pez rojo
500 _aIncluye datos biográficos del autor en la solapa de la cubierta.
590 _aInventariado, 2023 / DG
650 4 _aPoesía dominicana
_966
650 0 _aLiteratura dominicana.
_967
910 _aDG/Validadao. Control de calidad MFF
942 _2ddc
_cLBS1
999 _c11087
_d11087